000 00454nam a2200169Ia 4500
008 230917s9999||||xx |||||||||||||| ||und||
020 _cGBP 38.99 (RS 3906.02)
040 _aMAIN
082 _a343.4107830223 S31M(4)
100 _aSmartt, Ursula
245 0 _aMedia and entertainment law
250 _a4th ed.
260 _aOxon
_bRoutledge
_c2020
300 _axc, 679 p.
500 _a5068 14/03/2023 HBD23/9803 14/03/2023 Main Budget
942 _cBK
999 _c8934
_d8934